| 000 | 00351nam a2200145Ia 4500 | ||
|---|---|---|---|
| 008 | 191201s2012 xx 000 0 und d | ||
| 082 |
_a006.3 _bBEM |
||
| 100 | _aBERRY, Michael JA | ||
| 245 | 0 | _aMastering Data Mining | |
| 250 | _aRep | ||
| 260 |
_aN. Delhi _bWiley Dreautech India _c2012 |
||
| 300 | _a494 | ||
| 650 | _aM.Tech(CSE) | ||
| 942 |
_2ddc _cBK |
||
| 999 |
_c5444 _d5444 |
||